[Event "Warsaw Superbet Blitz"]
[Site "Warsaw"]
[Date "2024.05.12"]
[Round "15"]
[White "Giri, Anish"]
[Black "Keymer, Vincent"]
[Result "1-0"]
[WhiteElo "2745"]
[BlackElo "2726"]
[PlyCount "69"]
[EventDate "2024.05.11"]
[EventType "tourn (blitz)"]
[EventRounds "18"]
[EventCountry "POL"]
[EventCategory "20"]
[SourceTitle "CB20_2024"]
[SourceDate "2024.05.16"]
[SourceVersion "1"]
[SourceVersionDate "2024.05.16"]
[SourceQuality "1"]

1. Nf3 Nf6 2. c4 e6 3. Nc3 d5 4. d4 c5 5. cxd5 cxd4 6. Qxd4 exd5 7. Bg5 Be7 8. e3 0-0 9. Be2 h6 10. Bxf6 Bxf6 11. Qd2 Be6 12. 0-0 Nc6 13. Rfd1 Qb6 14. Nxd5 Bxd5 15. Qxd5 Rad8 16. Qe4 Qxb2 17. Bc4 Qxa1 18. Rxa1 Bxa1 19. g4 Rfe8 20. Qb1 Na5 21. Bb5 Bc3 22. Bxe8 Rxe8 23. Qd3 Rc8 24. Qd7 Rb8 25. Qd3 Bf6 26. h4 Rd8 27. Qb5 b6 28. g5 hxg5 29. hxg5 Bc3 30. Qa6 Ra8 31. Qd3 Rc8 32. Qd7 Ra8 33. g6 Rf8 34. Ng5 fxg6 35. Qe6+ 1-0

[Event "Warsaw Superbet Blitz"]
[Site "Warsaw"]
[Date "2024.05.11"]
[Round "9"]
[White "Giri, Anish"]
[Black "Gukesh, Dommaraju"]
[Result "1/2-1/2"]
[WhiteElo "2745"]
[BlackElo "2764"]
[PlyCount "112"]
[EventDate "2024.05.11"]
[EventType "tourn (blitz)"]
[EventRounds "18"]
[EventCountry "POL"]
[EventCategory "20"]
[SourceTitle "CB20_2024"]
[SourceDate "2024.05.16"]
[SourceVersion "1"]
[SourceVersionDate "2024.05.16"]
[SourceQuality "1"]

1. Nf3 d5 2. d4 Nf6 3. c4 e6 4. Nc3 h6 5. cxd5 exd5 6. Bf4 c6 7. e3 Bf5 8. Bd3 Bxd3 9. Qxd3 Bd6 10. Bxd6 Qxd6 11. 0-0 0-0 12. Rab1 a5 13. a3 Nbd7 14. Qc2 Rfe8 15. Rfc1 Ne4 16. Nxe4 Rxe4 17. b4 axb4 18. axb4 Ree8 19. b5 Rec8 20. bxc6 bxc6 21. h3 c5 22. dxc5 Rxc5 23. Qd2 Nf6 24. Rxc5 Qxc5 25. Rc1 Qd6 26. Qc2 g6 27. Nd4 Ne4 28. Ne2 h5 29. Nf4 Qe5 30. Rd1 Nf6 31. Qd2 Rd8 32. Qd4 Qf5 33. Nd3 Rc8 34. Qe5 Qxe5 35. Nxe5 Kg7 36. Nd3 Rc7 37. Nf4 Rd7 38. h4 Kf8 39. f3 Ke7 40. Kf2 Rd8 41. Kg3 Rd7 42. Rd2 Rd8 43. Ne2 Rc8 44. Ra2 Kf8 45. Ra6 Kg7 46. Rd6 Ra8 47. Nf4 Ra3 48. Kf2 Ra2+ 49. Kg3 Ra3 50. Nxd5 Nxd5 51. Rxd5 Rxe3 52. Rd4 Re6 53. Rc4 Rb6 54. Rd4 Re6 55. Rc4 Rb6 56. Rd4 Re6 1/2-1/2

[Event "Chess.com Classic Play In"]
[Site "Chess.com INT"]
[Date "2024.05.08"]
[Round "3"]
[White "Giri, Anish"]
[Black "Asadli, Vugar Afgan Oglu"]
[Result "1-0"]
[WhiteElo "2745"]
[BlackElo "2560"]
[PlyCount "59"]
[EventDate "2024.05.08"]
[EventType "swiss (rapid)"]
[EventRounds "9"]
[EventCountry "USA"]
[SourceTitle "CB20_2024"]
[SourceDate "2024.05.16"]
[SourceVersion "1"]
[SourceVersionDate "2024.05.16"]
[SourceQuality "1"]

1. Nf3 Nf6 2. c4 g6 3. Nc3 Bg7 4. g3 0-0 5. Bg2 d6 6. 0-0 Nbd7 7. b4 e5 8. Rb1 Re8 9. d3 c6 10. Nd2 Nb6 11. a4 a5 12. b5 d5 13. bxc6 bxc6 14. cxd5 cxd5 15. Qb3 Ra6 16. Ba3 d4 17. Nce4 Nbd5 18. Nxf6+ Nxf6 19. Rfc1 Bd7 20. Nc4 Bf8 21. Bxf8 Kxf8 22. Nb6 e4 23. Qc4 Rxb6 24. Qc5+ Kg7 25. Rxb6 e3 26. Qxd4 exf2+ 27. Kxf2 Qe7 28. Bf3 Be6 29. Rb7 Qa3 30. Rc6 1-0

[Event "Chess.com Classic Play In"]
[Site "Chess.com INT"]
[Date "2024.05.08"]
[Round "6"]
[White "Nguyen, Ngoc Truong Son"]
[Black "Giri, Anish"]
[Result "1/2-1/2"]
[WhiteElo "2633"]
[BlackElo "2745"]
[PlyCount "113"]
[EventDate "2024.05.08"]
[EventType "swiss (rapid)"]
[EventRounds "9"]
[EventCountry "USA"]
[SourceTitle "CB20_2024"]
[SourceDate "2024.05.16"]
[SourceVersion "1"]
[SourceVersionDate "2024.05.16"]
[SourceQuality "1"]

1. d4 Nf6 2. Nf3 g6 3. g3 b5 4. Bg2 Bb7 5. 0-0 Bg7 6. c3 0-0 7. a4 a6 8. axb5 axb5 9. Rxa8 Bxa8 10. Na3 c6 11. Bg5 d6 12. Qd3 Nbd7 13. Ra1 Qb6 14. Nd2 Bb7 15. Nc2 h6 16. Bxf6 Nxf6 17. Nb4 Ra8 18. Rxa8+ Bxa8 19. Qf3 Qa7 20. Nxc6 Qa1+ 21. Nf1 Bxc6 22. Qxc6 Qxb2 23. Bf3 b4 24. cxb4 Qxb4 25. Qb7 Qxb7 26. Bxb7 d5 27. Nd2 e6 28. Bc6 Bf8 29. e3 Bb4 30. Nf3 Kf8 31. Ne5 Ke7 32. Bb5 Bd6 33. Nc6+ Kf8 34. Bd3 g5 35. h3 h5 36. Kg2 Kg7 37. Be2 g4 38. hxg4 hxg4 39. Na5 Kg6 40. Nb3 Kg5 41. Bd3 Bb4 42. Nc1 Ba3 43. Ne2 Bd6 44. Nc3 Bb4 45. Ne2 Bd6 46. Nc3 Bb4 47. Ne2 Ne8 48. Nf4 Nc7 49. Kf1 Bd6 50. Ne2 Bb4 51. Nf4 f5 52. Bc2 Kf6 53. Ba4 Bd6 54. Nd3 Na6 55. Ke2 Nb4 56. Nxb4 Bxb4 57. Bd7 1/2-1/2

[Event "Titled Tuesday intern op 30th Apr Early"]
[Site "Chess.com INT"]
[Date "2024.04.30"]
[Round "8"]
[White "Giri, Anish"]
[Black "Malek, Jan"]
[Result "1-0"]
[WhiteElo "2745"]
[BlackElo "2441"]
[PlyCount "125"]
[EventDate "2024.04.30"]
[EventType "swiss (blitz)"]
[EventRounds "11"]
[EventCountry "USA"]
[SourceTitle "CB19_2024"]
[SourceDate "2024.05.08"]
[SourceVersion "1"]
[SourceVersionDate "2024.05.08"]
[SourceQuality "1"]

1. Nf3 Nf6 2. c4 e6 3. Nc3 Bb4 4. Qc2 0-0 5. a3 Bxc3 6. Qxc3 b6 7. e3 Bb7 8. Be2 d6 9. b3 Nbd7 10. Bb2 e5 11. d3 Re8 12. 0-0 a5 13. Nd2 Nc5 14. Rfe1 Qd7 15. Nf1 h5 16. h3 Qf5 17. e4 Qg6 18. Ne3 Bc8 19. Kh2 Ne6 20. Qd2 Nf4 21. Bf1 c5 22. g3 Ne6 23. Bg2 Nd4 24. Bxd4 cxd4 25. Nf5 Nh7 26. f4 Ra7 27. Nh4 Qh6 28. Qf2 Nf6 29. b4 Bd7 30. b5 Be6 31. Re2 Rae7 32. Rf1 Bc8 33. Qe1 Nh7 34. Ref2 Nf8 35. fxe5 dxe5 36. Nf5 Bxf5 37. exf5 Nd7 38. Bc6 Qd6 39. a4 h4 40. f6 hxg3+ 41. Kxg3 e4+ 42. Kg2 Nxf6 43. Bxe8 Rxe8 44. Re2 e3 45. Qg3 Qe6 46. Qf4 Qd7 47. Rf3 Rd8 48. Kh2 Nh5 49. Qe5 g6 50. Rg2 Re8 51. Qxh5 e2 52. Rxg6+ fxg6 53. Qxg6+ Kh8 54. Qh5+ Kg8 55. Rg3+ Kf8 56. Qh8+ Ke7 57. Rg7+ Kd8 58. Rxd7+ Kxd7 59. Qxd4+ Kc8 60. Qg4+ Kb7 61. Qg7+ Kb8 62. Qg3+ Ka8 63. Qe1 1-0

[Event "Titled Tuesday intern op 30th Apr Early"]
[Site "Chess.com INT"]
[Date "2024.04.30"]
[Round "11"]
[White "Pultinevicius, Paulius"]
[Black "Giri, Anish"]
[Result "1-0"]
[WhiteElo "2587"]
[BlackElo "2745"]
[PlyCount "85"]
[EventDate "2024.04.30"]
[EventType "swiss (blitz)"]
[EventRounds "11"]
[EventCountry "USA"]
[SourceTitle "CB19_2024"]
[SourceDate "2024.05.08"]
[SourceVersion "1"]
[SourceVersionDate "2024.05.08"]
[SourceQuality "1"]

1. d4 Nf6 2. c4 e6 3. Nf3 d5 4. Nc3 Bb4 5. cxd5 exd5 6. Bg5 h6 7. Bh4 Nbd7 8. Rc1 c6 9. e3 Qa5 10. Nd2 0-0 11. Bd3 Re8 12. 0-0 Bd6 13. a3 a6 14. Re1 Qc7 15. Bg3 Bxg3 16. hxg3 Nf8 17. b4 Qd6 18. Na4 Re7 19. Nc5 b6 20. Na4 Rb8 21. Qe2 Bg4 22. Qf1 a5 23. bxa5 bxa5 24. Rc3 h5 25. Rec1 Bd7 26. Nb3 Ng4 27. Be2 Ng6 28. Nac5 Bf5 29. Nxa5 h4 30. Bxg4 Bxg4 31. Na6 Rb6 32. Rxc6 Rxc6 33. Nxc6 Qxa3 34. Nxe7+ Qxe7 35. Qb5 hxg3 36. Qb8+ Nf8 37. Qxg3 Qa3 38. Rc7 Qa1+ 39. Kh2 Qxa6 40. Qxg4 Qd6+ 41. Qf4 Qxf4+ 42. exf4 Ne6 43. Rd7 1-0

[Event "Titled Tuesday intern op 16th Apr Early"]
[Site "Chess.com INT"]
[Date "2024.04.16"]
[Round "4"]
[White "Giri, Anish"]
[Black "Riehle, Marco"]
[Result "1/2-1/2"]
[WhiteElo "2745"]
[BlackElo "2370"]
[PlyCount "132"]
[EventDate "2024.04.16"]
[EventType "swiss (blitz)"]
[EventRounds "11"]
[EventCountry "USA"]
[SourceTitle "CB17_2024"]
[SourceDate "2024.04.24"]
[SourceVersion "1"]
[SourceVersionDate "2024.04.24"]
[SourceQuality "1"]

1. Nf3 c5 2. c4 Nf6 3. Nc3 d5 4. cxd5 Nxd5 5. e3 Nc6 6. Bb5 e6 7. Ne5 Qc7 8. Nxc6 bxc6 9. Be2 Be7 10. 0-0 0-0 11. b3 Nxc3 12. dxc3 Bf6 13. Qc2 a5 14. a4 Ba6 15. Bxa6 Rxa6 16. Ba3 Qe5 17. Rab1 Rd8 18. c4 Ra7 19. Rfd1 Rad7 20. h3 h6 21. Rxd7 Rxd7 22. Rd1 Qc3 23. Qb1 Rxd1+ 24. Qxd1 Be7 25. Kf1 f5 26. Ke2 Kf7 27. Bc1 e5 28. Bd2 Qb2 29. Ke1 Bd8 30. Qh5+ Kf6 31. Qh4+ g5 32. Qxh6+ Kf7 33. Qh5+ Kf6 34. Qh8+ Ke7 35. Qh7+ Ke6 36. Qg6+ Bf6 37. Qe8+ Kd6 38. Qf8+ Be7 39. Qxf5 Qxb3 40. Ke2 Qxa4 41. Bc3 Qxc4+ 42. Qd3+ Qd5 43. e4 c4 44. Qc2 Qb5 45. Qd2+ Ke6 46. Kf3 a4 47. g3 a3 48. Kg4 Qb3 49. h4 gxh4 50. gxh4 a2 51. h5 Qb1 52. Qh6+ Kd7 53. Qd2+ Qd3 54. Qxd3+ cxd3 55. Kf3 c5 56. h6 Bf6 57. Ke3 c4 58. h7 Bh8 59. Ba1 Kc6 60. Kd2 Kb5 61. f4 Ka4 62. fxe5 Kb3 63. Bd4 Kb4 64. Ba1 Kb3 65. Bc3 Ka4 66. Ba1 Kb3 1/2-1/2

[Event "Titled Tuesday intern op 12th Mar Early"]
[Site "Chess.com INT"]
[Date "2024.03.12"]
[Round "2"]
[White "Cuenca Jimenez, Jose Fernando"]
[Black "Giri, Anish"]
[Result "0-1"]
[WhiteElo "2499"]
[BlackElo "2762"]
[PlyCount "98"]
[EventDate "2024.03.12"]
[EventType "swiss (blitz)"]
[EventRounds "11"]
[EventCountry "USA"]
[SourceTitle "CB12_2024"]
[SourceDate "2023.10.01"]
[SourceVersion "1"]
[SourceVersionDate "2023.10.01"]
[SourceQuality "1"]

1. d4 Nf6 2. Bf4 g6 3. Nc3 d5 4. e3 Bg7 5. h4 h5 6. Nf3 0-0 7. Nb5 Na6 8. Be2 Ne4 9. Ng5 c6 10. Nxe4 dxe4 11. Nc3 c5 12. Nb5 Bd7 13. a4 cxd4 14. exd4 Nb4 15. c3 Nd5 16. Bg5 a6 17. Na3 Re8 18. 0-0 Qc7 19. Nc4 b5 20. axb5 axb5 21. Ne3 Rxa1 22. Qxa1 Nf4 23. Bxf4 Qxf4 24. Qa7 Qd6 25. Qb7 Bc6 26. Qb6 Rb8 27. Qc5 Qxc5 28. dxc5 b4 29. Rc1 bxc3 30. bxc3 e6 31. Nc4 Rc8 32. Na5 Ba8 33. c6 Bxc6 34. Nxc6 Rxc6 35. c4 Bd4 36. Rc2 e5 37. g3 f5 38. Kg2 Kg7 39. Ra2 Rb6 40. Rc2 Bc5 41. Ra2 Rb1 42. Rc2 Kf6 43. Ra2 f4 44. Ra6+ Kf7 45. gxf4 exf4 46. f3 Rb2 47. Kf1 exf3 48. Bxf3 Rf2+ 49. Ke1 Rxf3 0-1

[Event "Titled Tuesday intern op 12th Mar Early"]
[Site "Chess.com INT"]
[Date "2024.03.12"]
[Round "1"]
[White "Giri, Anish"]
[Black "Martinez Pla, Xavier"]
[Result "1-0"]
[WhiteElo "2762"]
[BlackElo "2264"]
[PlyCount "91"]
[EventDate "2024.03.12"]
[EventType "swiss (blitz)"]
[EventRounds "11"]
[EventCountry "USA"]
[SourceTitle "CB12_2024"]
[SourceDate "2023.10.01"]
[SourceVersion "1"]
[SourceVersionDate "2023.10.01"]
[SourceQuality "1"]

1. d4 Nf6 2. c4 e6 3. Nf3 b6 4. g3 Bb7 5. Bg2 Be7 6. 0-0 0-0 7. Nc3 Ne4 8. Bd2 Bf6 9. Qc2 Nxc3 10. Bxc3 Qc8 11. e4 d6 12. h4 h6 13. Rad1 Nd7 14. Rfe1 a6 15. b3 Re8 16. Bh3 c5 17. d5 Bxc3 18. Qxc3 exd5 19. cxd5 Qc7 20. Re3 Rad8 21. Rde1 b5 22. b4 c4 23. Nd4 Ne5 24. f4 Nd7 25. Nf5 f6 26. g4 Nf8 27. g5 fxg5 28. hxg5 Bc8 29. gxh6 Bxf5 30. Bxf5 g6 31. Rg3 Kh7 32. Qf6 Qe7 33. Bxg6+ Nxg6 34. Qxg6+ Kh8 35. Qg7+ Qxg7 36. Rxg7 Rg8 37. Rxg8+ Rxg8+ 38. Kf2 Rg4 39. Kf3 Rh4 40. e5 dxe5 41. fxe5 c3 42. e6 c2 43. e7 Rh3+ 44. Kf4 Rh4+ 45. Kf5 Rh5+ 46. Kg6 1-0

[Event "Shenzhen Longgang 5th"]
[Site "Shenzhen"]
[Date "2024.03.06"]
[Round "6"]
[White "Giri, Anish"]
[Black "Ma, Qun"]
[Result "1/2-1/2"]
[WhiteElo "2762"]
[BlackElo "2651"]
[PlyCount "66"]
[EventDate "2024.02.29"]
[EventType "tourn"]
[EventRounds "7"]
[EventCountry "CHN"]
[EventCategory "18"]
[SourceTitle "CB11_2024"]
[SourceDate "2024.03.13"]
[SourceVersion "1"]
[SourceVersionDate "2024.03.13"]
[SourceQuality "1"]

1. e4 e5 2. Nf3 Nc6 3. Bc4 Bc5 4. 0-0 Nf6 5. d3 d6 6. c3 a6 7. a4 Ba7 8. Re1 0-0 9. h3 h6 10. Nbd2 Re8 11. Nf1 Be6 12. Bxe6 Rxe6 13. c4 Nd4 14. a5 Nd7 15. Ng3 Nxf3+ 16. Qxf3 Nc5 17. Qd1 Rf6 18. Rf1 Ne6 19. b4 Kh7 20. Nf5 Nd4 21. Ne3 Qd7 22. Kh1 Rf8 23. Ra2 c6 24. Bd2 Ne6 25. Nf5 g6 26. Nxh6 Rxf2 27. Rxf2 Bxf2 28. Qg4 Bd4 29. Nf5 gxf5 30. Qxf5+ Kg7 31. Qg4+ Kh7 32. Qh5+ Kg8 33. Qg4+ Kh7 1/2-1/2

[Event "Titled Tuesday intern op 06th Feb Early"]
[Site "Chess.com INT"]
[Date "2024.02.06"]
[Round "1"]
[White "Giri, Anish"]
[Black "Guerrero Olmos, Sergio"]
[Result "1-0"]
[WhiteElo "2762"]
[BlackElo "2374"]
[PlyCount "97"]
[EventDate "2024.02.06"]
[EventType "swiss (blitz)"]
[EventRounds "11"]
[EventCountry "USA"]
[SourceTitle "CB07_2024"]
[SourceDate "2024.02.14"]
[SourceVersion "1"]
[SourceVersionDate "2024.02.14"]
[SourceQuality "1"]

1. Nf3 d5 2. e3 c6 3. b3 Bf5 4. Bb2 e6 5. Be2 Nd7 6. d3 h6 7. Nbd2 Ngf6 8. 0-0 Be7 9. a3 a5 10. Re1 0-0 11. Bf1 Bh7 12. g3 b5 13. Bg2 a4 14. b4 c5 15. bxc5 Bxc5 16. Qb1 Qb6 17. Bd4 Rfc8 18. Qb2 b4 19. axb4 Qxb4 20. Reb1 Qxb2 21. Rxb2 a3 22. Rba2 Bd6 23. Rb1 e5 24. Ba1 e4 25. dxe4 Nxe4 26. Nxe4 Bxe4 27. Nd4 Nf6 28. Rb3 Bxg2 29. Kxg2 Ne4 30. Nb5 Bf8 31. Rd3 Rd8 32. f3 Nc5 33. Rdxa3 Rxa3 34. Rxa3 Rb8 35. Nd4 Rb1 36. Ra8 Kh7 37. Rxf8 Rxa1 38. Rxf7 Re1 39. Rc7 Na4 40. Nf5 Nb2 41. Rxg7+ Kh8 42. Rg6 Re2+ 43. Kh3 Rxc2 44. Rxh6+ Kg8 45. Kg4 Nd1 46. Kg5 Re2 47. Kf6 Nxe3 48. Ne7+ Kf8 49. Rh8# 1-0

[Event "Titled Tuesday intern op 06th Feb Early"]
[Site "Chess.com INT"]
[Date "2024.02.06"]
[Round "10"]
[White "Le, Tuan Minh"]
[Black "Giri, Anish"]
[Result "1/2-1/2"]
[WhiteElo "2567"]
[BlackElo "2762"]
[PlyCount "131"]
[EventDate "2024.02.06"]
[EventType "swiss (blitz)"]
[EventRounds "11"]
[EventCountry "USA"]
[SourceTitle "CB07_2024"]
[SourceDate "2024.02.14"]
[SourceVersion "1"]
[SourceVersionDate "2024.02.14"]
[SourceQuality "1"]

1. d4 Nf6 2. Nf3 d5 3. Bf4 Bf5 4. c4 e6 5. Qb3 dxc4 6. Qxc4 Nc6 7. e3 Bd6 8. Bg3 Nb4 9. Na3 0-0 10. Be2 a5 11. 0-0 c6 12. Rfc1 h6 13. Qb3 Ne4 14. Nc4 Nxg3 15. hxg3 a4 16. Qd1 Be7 17. a3 Nd5 18. Bd3 Bxd3 19. Qxd3 Qc7 20. Rc2 Rfd8 21. Rac1 Nb6 22. Ncd2 Nd7 23. Qe2 Qb6 24. g4 Qa6 25. Qd1 Qb5 26. Ne4 Nf6 27. Nc3 Qa5 28. Ne5 Bd6 29. f4 Bxe5 30. fxe5 Nd5 31. Qf3 Nxc3 32. bxc3 Qc7 33. c4 c5 34. Rd1 Rd7 35. Qe4 cxd4 36. exd4 Rad8 37. Kh1 Qb6 38. d5 Qb3 39. d6 Qxa3 40. c5 Rc8 41. Rb1 Rxc5 42. Rxc5 Qxc5 43. Qxa4 Rd8 44. Rb5 Qc1+ 45. Kh2 Qg5 46. Qe4 Rc8 47. Rb1 b5 48. Kg1 b4 49. Rxb4 Rc1+ 50. Kf2 Qd2+ 51. Kg3 Rc3+ 52. Kh2 Rc8 53. Rd4 Qg5 54. Rd3 Qh4+ 55. Rh3 Qg5 56. Rf3 Qh4+ 57. Rh3 Qg5 58. Qe3 Qxe3 59. Rxe3 Kf8 60. Ra3 f6 61. Ra7 fxe5 62. Re7 Rd8 63. Rxe6 Kf7 64. Rxe5 Rxd6 65. Kg3 Kf6 66. Rf5+ 1/2-1/2

[Event "Chessable Masters Div 2 Win"]
[Site "Chess.com INT"]
[Date "2024.02.02"]
[Round "1.1"]
[White "Giri, Anish"]
[Black "Xiong, Jeffery"]
[Result "1/2-1/2"]
[WhiteElo "2762"]
[BlackElo "2659"]
[PlyCount "60"]
[EventDate "2024.02.02"]
[EventType "k.o. (rapid)"]
[EventRounds "6"]
[EventCountry "USA"]
[SourceTitle "CB06_2024"]
[SourceDate "2024.02.07"]
[SourceVersion "1"]
[SourceVersionDate "2024.02.07"]
[SourceQuality "1"]

1. d4 Nf6 2. c4 g6 3. Nc3 d5 4. cxd5 Nxd5 5. Bd2 Nb6 6. e3 Bg7 7. f4 0-0 8. Nf3 c5 9. dxc5 Nd5 10. Qb3 Bxc3 11. bxc3 Nf6 12. Rd1 Qc7 13. Bc4 Na6 14. c6 Qxc6 15. 0-0 Nc5 16. Ne5 Nxb3 17. Nxc6 Nxd2 18. Nxe7+ Kg7 19. Rxd2 Re8 20. Nd5 Nxd5 21. Bxd5 Rxe3 22. c4 Re7 23. Kf2 Be6 24. Re1 Kf6 25. Bxe6 Rxe6 26. Rd7 Rxe1 27. Kxe1 Rc8 28. Rxb7 Rxc4 29. Rxa7 Rxf4 30. Ke2 Rb4 1/2-1/2

[Event "Chessable Masters Div 2 Win"]
[Site "Chess.com INT"]
[Date "2024.02.02"]
[Round "1.2"]
[White "Xiong, Jeffery"]
[Black "Giri, Anish"]
[Result "1/2-1/2"]
[WhiteElo "2659"]
[BlackElo "2762"]
[PlyCount "286"]
[EventDate "2024.02.02"]
[EventType "k.o. (rapid)"]
[EventRounds "6"]
[EventCountry "USA"]
[SourceTitle "CB06_2024"]
[SourceDate "2024.02.07"]
[SourceVersion "1"]
[SourceVersionDate "2024.02.07"]
[SourceQuality "1"]

1. e4 c5 2. Nf3 d6 3. Bb5+ Nd7 4. d4 cxd4 5. Nxd4 Ngf6 6. 0-0 a6 7. Bd3 Nc5 8. Re1 e5 9. Nf3 b5 10. b4 Nxd3 11. Qxd3 Be6 12. a4 Bc4 13. Qe3 Be7 14. Na3 Be6 15. Qd3 bxa4 16. Bg5 0-0 17. Nc4 d5 18. Bxf6 Bxf6 19. Ncxe5 dxe4 20. Qxe4 Bd5 21. Qd3 Bxf3 22. Qxf3 Qc7 23. Qf5 Rfe8 24. f4 Qb6+ 25. Kh1 Qxb4 26. Qe4 Qxe4 27. Rxe4 Rac8 28. Rexa4 Rxc2 29. Rxa6 Bxe5 30. fxe5 Re2 31. R6a5 g6 32. h4 Kg7 33. Rf1 Re7 34. Kh2 Rd7 35. Kh3 Re7 36. Kg3 R2xe5 37. Rxe5 Rxe5 38. Ra1 Re3+ 39. Kf2 Re4 40. g3 Re7 41. Kf3 f6 42. Ra6 h5 43. Rb6 Kf7 44. Ra6 Rd7 45. Rb6 Rd3+ 46. Kf2 Ke7 47. Ra6 Rd6 48. Ra4 Ke6 49. Ke3 Rd5 50. Rb4 g5 51. hxg5 fxg5 52. Kf3 Rd3+ 53. Kf2 Rd2+ 54. Kf1 Kf5 55. Ra4 Ke5 56. Rb4 Rd4 57. Rb2 Kf5 58. Kg2 Kg4 59. Ra2 Rc4 60. Rb2 Ra4 61. Rc2 Rb4 62. Ra2 Rd4 63. Rb2 Kf5 64. Rb5+ Kg4 65. Rb2 Re4 66. Ra2 Kf5 67. Kf3 Re5 68. Kg2 Rd5 69. Rf2+ Ke4 70. Re2+ Kd3 71. Re8 Kc3 72. Rc8+ Kd2 73. Re8 Kd1 74. Kf2 Rd2+ 75. Kf1 Rd3 76. Kf2 Rd5 77. Re1+ Kd2 78. Re2+ Kd3 79. Re8 Rf5+ 80. Kg2 Kd4 81. Re2 Re5 82. Ra2 Ke4 83. Re2+ Kf5 84. Ra2 Rd5 85. Rb2 Ke4 86. Re2+ Kd3 87. Re8 Kd4 88. Re2 Re5 89. Ra2 Rd5 90. Re2 Kc3 91. Re8 Rd2+ 92. Kf1 Kd3 93. Re5 g4 94. Kg1 Kd4 95. Re8 Rb2 96. Kf1 Rb3 97. Kf2 Rf3+ 98. Kg2 Re3 99. Rd8+ Ke4 100. Re8+ Kd3 101. Rd8+ Ke2 102. Rh8 Re5 103. Ra8 Rd5 104. Re8+ Kd1 105. Kf2 Kd2 106. Re2+ Kc3 107. Re8 Rd2+ 108. Kf1 Rd5 109. Kf2 Rf5+ 110. Kg2 Kd4 111. Rd8+ Rd5 112. Re8 Re5 113. Rd8+ Ke3 114. Ra8 Rd5 115. Re8+ Kd4 116. Ra8 Ke5 117. Re8+ Kf6 118. Rf8+ Kg7 119. Rf2 Kg6 120. Ra2 Kf6 121. Rf2+ Ke6 122. Re2+ Kf5 123. Rf2+ Ke6 124. Re2+ Re5 125. Rd2 Re3 126. Ra2 Ke5 127. Ra5+ Ke4 128. Ra4+ Kf5 129. Ra5+ Re5 130. Ra2 Kg5 131. Rb2 Ra5 132. Rc2 Rd5 133. Rb2 Kf5 134. Ra2 Ke4 135. Re2+ Kd3 136. Re8 Kc3 137. Rc8+ Kd4 138. Ra8 Kc5 139. Ra5+ Kd6 140. Ra6+ Ke5 141. Ra2 Rc5 142. Re2+ Kd4 143. Re8 Kd3 1/2-1/2

[Event "Chessable Play In Match D1"]
[Site "Chess.com INT"]
[Date "2024.02.01"]
[Round "2.5"]
[White "Giri, Anish"]
[Black "Lazavik, Denis"]
[Result "1/2-1/2"]
[WhiteElo "2762"]
[BlackElo "2567"]
[PlyCount "129"]
[EventDate "2024.02.01"]
[EventType "k.o. (rapid)"]
[EventRounds "2"]
[EventCountry "USA"]
[SourceTitle "CB06_2024"]
[SourceDate "2024.02.07"]
[SourceVersion "1"]
[SourceVersionDate "2024.02.07"]
[SourceQuality "1"]

1. Nf3 d5 2. e3 Nf6 3. b3 e6 4. Bb2 Be7 5. c4 0-0 6. Nc3 c5 7. cxd5 exd5 8. d4 Nc6 9. Be2 Ne4 10. 0-0 Bf6 11. Rc1 cxd4 12. Nxe4 dxe4 13. Nxd4 Nxd4 14. Bxd4 Bxd4 15. Qxd4 Qxd4 16. exd4 Rd8 17. Rfd1 Be6 18. f3 Bd5 19. Rc7 Rac8 20. Rdc1 Rxc7 21. Rxc7 g6 22. Kf2 exf3 23. gxf3 Kf8 24. Ke3 Re8+ 25. Kd2 Re7 26. Rc8+ Re8 27. Rc5 Rd8 28. Ra5 a6 29. Rc5 Ke7 30. Ke3 Kd6 31. h4 Re8+ 32. Kf2 Re7 33. Rc8 Rc7 34. Rd8+ Ke6 35. Ke3 Rc2 36. Bd3 Rxa2 37. Bc4 Bxc4 38. bxc4 Ra4 39. c5 Rb4 40. d5+ Ke7 41. Rc8 Kd7 42. Rf8 Ke7 43. Rb8 Kd7 44. d6 a5 45. Rf8 Rc4 46. Rxf7+ Kd8 47. Rxh7 Rxc5 48. Rxb7 Rh5 49. Ra7 Rxh4 50. Rxa5 Kd7 51. Rd5 Rh5 52. Rd1 Rf5 53. Ke4 Rf6 54. f4 Rxd6 55. Rg1 Ke7 56. Kf3 Kf6 57. Kg4 Rd4 58. Ra1 Rd6 59. Ra5 Rb6 60. Rc5 Rd6 61. Re5 Rb6 62. Rc5 Rd6 63. Rb5 Rc6 64. Rg5 Rb6 65. Rc5 1/2-1/2